| 000 | 00702nam a2200193 i 4500 | ||
|---|---|---|---|
| 001 | 44453 | ||
| 003 | ES-MaACL | ||
| 005 | 20250909180542.0 | ||
| 007 | t| | ||
| 008 | 030321s1888 sp ||||1| spa d | ||
| 245 | 0 | 0 |
_aCódigo civil español / _cilustrado con notas, concordancias, motivos y comentarios por Modesto Falcón y seguido de un estudio crítico del código por Vicente Romero Girón. |
| 260 |
_aMadrid : _bGóngora, _c1888. |
||
| 300 |
_a5 v. ; _c22 cm. |
||
| 610 | 1 | 4 |
_aEspaña. _tCódigo civil, 1889 _93628 |
| 700 | 1 |
_aFalcón, Modesto, _d1828-1902 _948708 |
|
| 700 | 1 |
_aRomero Girón, Vicente, _d1835-1900 _999395 |
|
| 852 |
_aES-MaACL _jF-14287-91 |
||
| 999 |
_c44453 _d44453 |
||